Effectiffs Slovaquie Euro 2024 - Statistiques

Statistiques générales
  • Ce quiz a été pris 6 fois
  • Le résultat moyen est 8 sur 26
Statistiques - réponses
Poste Numéro Club Joueur % Correct
Attaquant 26 Slavia Prague Ivan Schranz
100%
Gardien 1 Newcastle United Martin Dubravka
100%
Défenseur 14 PSG Milan Skriniar
100%
Milieu 8 Hellas Vérone Ondrej Duda
100%
Défenseur 16 Feyenoord David Hancko
75%
Attaquant 18 Slovan Bratislava David Strelec
75%
Milieu 22 SSC Napoli Stanislav Lobotka
75%
Attaquant 17 Sparta Prague Lukas Haraslin
50%
Défenseur 3 FC Copenhague Denis Vavro
25%
Milieu 19 Slovan Bratislava Juraj Kucka
25%
Milieu 13 KRC Genk Patrik Hrosovski
25%
Attaquant 9 Boavista Robert Bozenik
25%
Défenseur 4 Cagliari Adam Obert
0%
Attaquant 20 MSK Zilina David Duris
0%
Gardien 23 New England Revolution Henrich Ravas
0%
Milieu 11 Union Berlin Laszlo Benes
0%
Attaquant 24 Feyenoord Leo Sauer
0%
Attaquant 10 Slovan Liberec Lubomir Tupta
0%
Gardien 12 Sans Club Mark Rodak
0%
Milieu 21 VFL Bochum Matus Bero
0%
Défenseur 6 Sans Club Norbert Gyomber
0%
Défenseur 2 Sans Club Peter Pekarik
0%
Défenseur 25 Spartak Trnava Sebastian Kosa
0%
Milieu 5 FC Banik Ostrava Tomas Rigo
0%
Milieu 7 Hellas Vérone Tomas Suslov
0%
Défenseur 15 Sans Club Vernon De Marco
0%
Aucun quiz correspondant
Distribution des résultats
% des personnes avec chaque résultat
Percentile par nombre de réponses
Votre historique - résultats
Vous n’avez pas pris ce quiz